Toán cao cấp cho các nhà kinh tế P.2 Giải tích toán học
Сохранить в:
| Главный автор: | |
|---|---|
| Формат: | |
| Опубликовано: |
H.
Thống kê
2004
|
| Предметы: | |
| Метки: |
Добавить метку
Нет меток, Требуется 1-ая метка записи!
|
| Thư viện lưu trữ: | Trung tâm Học liệu Lê Vũ Hùng, Trường Đại học Đồng Tháp |
|---|
| LEADER | 00760nam a22002178a 4500 | ||
|---|---|---|---|
| 001 | 00020220 | ||
| 005 | 20171026081025.0 | ||
| 008 | 110513s2004 ||||||Viesd | ||
| 041 | 0 | # | |a Vie |
| 082 | 1 | 4 | |a 330.15 |b T460C |
| 100 | 0 | # | |a Lê Đình Thúy |e chủ biên |
| 245 | 0 | 0 | |a Toán cao cấp cho các nhà kinh tế |c Lê Đình Thúy |n P.2 |p Giải tích toán học |
| 260 | # | # | |a H. |b Thống kê |c 2004 |
| 300 | # | # | |a 426 tr. |c 21 cm. |
| 500 | # | # | |a ĐTTS ghi : Trường ĐH Kinh tế quốc dân |
| 650 | # | 4 | |a Toán kinh tế |
| 653 | # | # | |a Giải tích |
| 852 | # | # | |b Kho đọc |j KD.0005593 |
| 852 | # | # | |j KD.0005593 |
| 910 | 0 | # | |a nhnam |d 13/05/2011 |
| 980 | # | # | |a Trung tâm Học liệu Lê Vũ Hùng, Trường Đại học Đồng Tháp |